Netball [
| Format: | Book |
|---|---|
| Subjects: |
MARC
| LEADER | 00000cam a2200000 7i4500 | ||
|---|---|---|---|
| 001 | 0000005158 | ||
| 005 | 20110726.0 | ||
| 040 | |a INS | ||
| 090 | 0 | 0 | |a VCD 482 |
| 245 | 0 | 0 | |a Netball [ |h cakera video] |
| 300 | |a 1 cakera video (62 min.) : |b by., wrn. ; |c 4 3/4 in. | ||
| 500 | |a Juga terdapat dalam format vhs : VHS 152 | ||
| 650 | 0 | 0 | |a Netball |
| 999 | |a VCD0000482 |b VIDEO CD |c Media Collection |e Default branch | ||